000 05571cam a22003374a 4500
001 13858693
003 ARRUPE
005 20140129144555.0
008 050202s2005 mnu b 001 0 eng
010 _a 2005002926
020 _a0814661955 (pbk. : alk. paper)
020 _a9780814661956 (pbk. : alk. paper)
040 _aDLC
_cDLC
_dDLC
042 _apcc
050 0 0 _aBX2240
_b.M26 2005
082 0 0 _a264/.02084
_222
100 1 _aMcMillan, Sharon L.,
_d1948-
_97226
245 1 0 _aEpiscopal ordination and ecclesial consensus /
_cSharon L. McMillan.
260 _aCollegeville, Minn. :
_bLiturgical Press,
_c2005.
300 _axv, 311 p. ;
_c23 cm.
500 _a"A Pueblo book."
504 _aIncludes bibliographical references (p. 297-307) and index.
505 0 _aThe Roman model of Episcopal ordination -- The sacramentarium veronense -- The Sve and the ritual context of Episcopal ordination -- Analysis of the liturgical units -- The gregorian sacramentary -- Gregh and the ritual context of Episcopal ordination -- Analysis of the liturgical units -- Ordo romanus xxxiv -- OR34 and the ritual context of Episcopal ordination -- Analysis of the liturgical units -- Ordo romanus xxxv -- OR35 and the ritual context of Episcopal ordination -- Analysis of the liturgical units -- Ordo romanus xxxvi -- OR36 and the ritual context of Episcopal ordination -- Analysis of the liturgical units -- The gallican model of Episcopal ordination -- The missale francorum -- The MF and the ritual context of Episcopal ordination -- Analysis of the liturgical units -- Excursus on the pattern of the gellone and the angoulême -- The Episcopal ordination of Hincmar of Rheims -- Analysis of the liturgical units -- The evolution of the Roman and Gallican models of Episcopal ordination -- The presentation of the bishop-elect in the Romano-Germanic pontifical of the tenth century -- The PRG and the ritual context of Episcopal ordination -- Analysis of the liturgical units : the earlier recensions BKGL -- Analysis of the liturgical units : the later recensions CD -- The presentation of the bishop-elect in Ordo Romanus xxxv A -- And in Ordo Romanus xxxv B -- Ordo Romanus xxxv A -- OR35a and the ritual context of Episcopal ordination -- Analysis of the liturgical units : consecration presentation -- Ordo Romanus xxxv b -- OR35b and the ritual context of Episcopal ordination -- Analysis of the liturgical units -- The presentation of the bishop-elect in selected English pontificals -- The Leofric missal -- The Leofric missal and the ritual context of Episcopal ordination -- Analysis of the liturgical units -- Additional English witnesses -- The Egbert pontifical and the pontificale lanaletense -- The benedictional of Archbishop Robert -- The presentation of the bishop-elect in selected pontificals of the middle ages -- The presentation of the bishop-elect in the Roman pontifical of the twelfth century -- The PRXII and the ritual context of Episcopal ordination -- Analysis of the liturgical units -- The presentation of the bishop-elect in the pontifical of the Roman curia of the thirteenth century -- The PRC and the ritual context of Episcopal ordination -- Analysis of the liturgical units -- Reverence to the consecrator -- Consent and fealty -- The presentation of the bishop-elect in the pontifical of Guillaume Durand de Mende -- The PGD and the ritual context of Episcopal ordination -- Analysis of the liturgical units -- Roman selection presentation -- Gallican selection presentation -- Consecration presentation -- The presentation of the bishop-elect in the Editio princeps (1485) and in the Editio typica (1595) -- The presentation of the bishop-elect in the Roman pontifical of 1485 -- The PR1485 and the ritual context of Episcopal ordination -- Analysis of the liturgical units -- The presentation of the bishop-elect in the Roman pontifical of 1595 -- The PR1595 and the ritual context of Episcopal ordination -- Analysis of the liturgical units -- The presentation of the bishop-elect in the rite of Episcopal ordination -- According to the reform of the S econd Vatican Council -- Doctrinal and theological preludes to ordination of a bishop -- Decree to the Armenians -- The Council of Trent, session xxii, 1 -- Apostolicae curae et caritatis 1 -- Episcopalis consecrationis 1 -- Sacramentum ordinis 1 -- Variationes in rubricis pontificalis romani 1 -- Sacrosanctum concilium 1 -- Lumen gentium 1 -- Ordination of a bishop -- OE1968 and the ritual context of Episcopal ordination -- Analysis of the liturgical units -- Praenotanda -- Consecration presentation -- Ordination of a bishop 1 -- The historical context -- Traditional ecclesial communion : local see, neighboring sees, and metropolitan see -- The voice of secular authorities -- Loss of the voice of the metropolitan -- The voice of the apostolic see -- The theological context -- Future of the reform -- Principles of reform -- Recommendations -- Selection -- Revised structure -- Spirit of reform.
520 _a"This study provides the historical and liturgical foundations for the election of bishops"--Provided by publisher.
610 2 0 _aCatholic Church
_xBishops
_xHistory.
_97227
650 0 _aOrdination
_xCatholic Church
_xHistory.
_97228
856 4 1 _3Table of contents
_uhttp://www.loc.gov/catdir/toc/ecip057/2005002926.html
906 _a7
_bcbc
_corignew
_d1
_eecip
_f20
_gy-gencatlg
942 _2lcc
_cMONOGRAPH
999 _c119748
_d119748